MARC details
| 000 -LEADER |
| fixed length control field |
02248cab a22004695a 4500 |
| 001 - CONTROL NUMBER |
| control field |
L158999 |
| 008 - FIXED-LENGTH DATA ELEMENTS--GENERAL INFORMATION |
| fixed length control field |
151130e2015 xxk 000 0 eng d |
| 035 ## - SYSTEM CONTROL NUMBER |
| System control number |
(Sirsi) u158999 |
| 041 0# - LANGUAGE CODE |
| Language code of text/sound track or separate title |
eng |
| 100 1# - MAIN ENTRY--PERSONAL NAME |
| Personal name |
Hodgson, Mary |
| 245 00 - TITLE STATEMENT |
| Title |
To err is human: Negligence and how to avoid it |
| 260 ## - PUBLICATION, DISTRIBUTION, ETC. |
| Date of publication, distribution, etc. |
2015 |
| 490 ## - SERIES STATEMENT |
| Series statement |
Journal of Building Survey, Appraisal & Valuation |
| Volume/sequential designation |
4(2) Autumn 2015, 144-149(5) |
| 520 ## - SUMMARY, ETC. |
| Summary, etc. |
Looks at the basic elements required to make a claim in professional negligence against a surveyor dealing with issues relating to duty of care, breach of duty, causation and loss. Defences, exclusions and limitations of liability are considered, as are the instances in which they are most likely to be successfully deployed. Case law is used to provide examples as well as guidance on ways to avoid negligence. (Taken from Journal abstract) |
| 590 ## - LOCAL NOTE (RLIN) |
| Local note |
KA |
| 650 24 - SUBJECT ADDED ENTRY--TOPICAL TERM |
| Topical term or geographic name entry element |
PROFESSIONAL NEGLIGENCE |
| 650 24 - SUBJECT ADDED ENTRY--TOPICAL TERM |
| Topical term or geographic name entry element |
DUTY OF CARE |
| 650 24 - SUBJECT ADDED ENTRY--TOPICAL TERM |
| Topical term or geographic name entry element |
PROFESSIONAL LIABILITY |
| 650 24 - SUBJECT ADDED ENTRY--TOPICAL TERM |
| Topical term or geographic name entry element |
DONOGHUE V STEVENSON |
| 650 24 - SUBJECT ADDED ENTRY--TOPICAL TERM |
| Topical term or geographic name entry element |
HOLT V PAYNE SKILLINGTON AND ANOR |
| 650 24 - SUBJECT ADDED ENTRY--TOPICAL TERM |
| Topical term or geographic name entry element |
HEDLEY BYRNE AND CO LTD V HELLER AND PARTNERS LTD |
| 650 24 - SUBJECT ADDED ENTRY--TOPICAL TERM |
| Topical term or geographic name entry element |
SCULLION V BANK OF SCOTLAND PLC (T/A COLLEYS) |
| 650 24 - SUBJECT ADDED ENTRY--TOPICAL TERM |
| Topical term or geographic name entry element |
(DENBIGH) LTD V KNIGHT FRANK LLP |
| 650 24 - SUBJECT ADDED ENTRY--TOPICAL TERM |
| Topical term or geographic name entry element |
BOLAM V FRIERN HOSPITAL |
| 650 24 - SUBJECT ADDED ENTRY--TOPICAL TERM |
| Topical term or geographic name entry element |
EARL OF MALMESBURY V STRUTT & PARKER |
| 650 24 - SUBJECT ADDED ENTRY--TOPICAL TERM |
| Topical term or geographic name entry element |
MW HIGH TECH PROJECTS UK LTD V HAASE ENVIRONMENTAL CONSULTING GMBH |
| 650 24 - SUBJECT ADDED ENTRY--TOPICAL TERM |
| Topical term or geographic name entry element |
WHALLEY V ROBERTS & ROBERTS |
| 650 24 - SUBJECT ADDED ENTRY--TOPICAL TERM |
| Topical term or geographic name entry element |
HEATLEY V WILLIAM H BROWN LTD |
| 650 24 - SUBJECT ADDED ENTRY--TOPICAL TERM |
| Topical term or geographic name entry element |
SINGER AND FRIEDLANDER LTD V JOHN D WOOD AND CO |
| 650 24 - SUBJECT ADDED ENTRY--TOPICAL TERM |
| Topical term or geographic name entry element |
K/S LINCOLN AND OTHERS V CB RICHARD ELLIS HOTELS LTD |
| 650 24 - SUBJECT ADDED ENTRY--TOPICAL TERM |
| Topical term or geographic name entry element |
MOUNT BANKING CORPORATION V BRIAN COOPER & CO |
| 650 24 - SUBJECT ADDED ENTRY--TOPICAL TERM |
| Topical term or geographic name entry element |
TIUTA INTERNATIONAL LTD (IN LIQUIDATION) V DE VILLIERS CHARTERED SURVEYORS |
| 650 24 - SUBJECT ADDED ENTRY--TOPICAL TERM |
| Topical term or geographic name entry element |
BANQUE BRUXELLES LAMBERT SA V EAGLE STAR INSURANCE CO LTD |
| 650 24 - SUBJECT ADDED ENTRY--TOPICAL TERM |
| Topical term or geographic name entry element |
WATTS V MORROW |
| 650 24 - SUBJECT ADDED ENTRY--TOPICAL TERM |
| Topical term or geographic name entry element |
SOUTH AUSTRALIA ASSET MANAGEMENT CORPORATION V YORK MONTAGUE LTD |
| 650 24 - SUBJECT ADDED ENTRY--TOPICAL TERM |
| Topical term or geographic name entry element |
WROTHAM PARK SETTLED ESTATES LTD V HARTSMERE BOROUGH COUNCIL |
| 650 24 - SUBJECT ADDED ENTRY--TOPICAL TERM |
| Topical term or geographic name entry element |
BRISTOL & WEST BUILDING SOCIETY V FANCY & JACKSON |
| 650 24 - SUBJECT ADDED ENTRY--TOPICAL TERM |
| Topical term or geographic name entry element |
MARGINS OF ERROR |
| 651 #4 - SUBJECT ADDED ENTRY--GEOGRAPHIC NAME |
| Geographic name |
United Kingdom |
| Chronological subdivision |
|
| 690 ## - LOCAL SUBJECT ADDED ENTRY--TOPICAL TERM (OCLC, RLIN) |
| Topical term or geographic name as entry element |
Business and management |
| 942 ## - ADDED ENTRY ELEMENTS (KOHA) |
| Suppress in OPAC |
0 |